| 000 | 00000nam 2200000zi 4500 |
| 001 | 9.939665 |
| 003 | CaOODSP |
| 005 | 20250121092805 |
| 006 | m o d f |
| 007 | cr bn||||||||| |
| 008 | 240621e199009##onc o f00| 0|eng d |
| 040 | |aCaOODSP|beng|erda|cCaOODSP |
| 043 | |an-cn--- |
| 086 | 1 |aCo24-3/10-2-1990E-PDF |
| 245 | 00|aDaycare needs survey and elderly care poll : |bspecial study. |
| 264 | 1|a[Ottawa] : |bGovernment of Canada, Department of Communications, Program Evaluation Division, |cSeptember 1990. |
| 300 | |a1 online resource (1 volume (various pagings)). |
| 336 | |atext|btxt|2rdacontent |
| 337 | |acomputer|bc|2rdamedia |
| 338 | |aonline resource|bcr|2rdacarrier |
| 490 | 1 |aSpecial Study |
| 490 | 0 |aDOC program evaluation series |
| 500 | |aDigitized edition from print [produced by Innovation, Science and Economic Development Canada]. |
| 650 | 0|aChild care services|xGovernment policy|zCanada. |
| 650 | 0|aSenior centers|zCanada. |
| 650 | 0|aSocial surveys|zCanada|vStatistics. |
| 650 | 6|aGarde des enfants|xPolitique gouvernementale|zCanada. |
| 650 | 6|aCentres communautaires pour personnes âgées|zCanada. |
| 650 | 6|aEnquêtes sociales|zCanada|vStatistiques. |
| 710 | 1 |aCanada. |bDepartment of Communications, |eissuing body. |
| 710 | 1 |aCanada. |bDepartment of Communications. |bProgram Evaluation Division, |eissuing body. |
| 830 | #0|aSpecial study (Canada. Communications Canada. Program Evaluation Division)|w(CaOODSP)9.939896 |
| 856 | 40|qPDF|s0.99 MB|uhttps://publications.gc.ca/collections/collection_2025/isde-ised/co24/Co24-3-10-2-1990-eng.pdf |